Prefectural capitals in Japan - Statistics

General Stats
  • This quiz has been taken 1,425 times
  • The average score is 35 of 47
Answer Stats
Prefecture Capital % Correct
Hokkaido Sapporo
99%
Aomori Aomori
92%
Chiba Chiba
88%
Fukushima Fukushima
88%
Akita Akita
87%
Kyoto Kyoto
86%
Osaka Osaka
86%
Hiroshima Hiroshima
85%
Saitama Saitama
85%
Yamagata Yamagata
85%
Nara Nara
84%
Nagasaki Nagasaki
83%
Niigata Niigata
83%
Fukuoka Fukuoka
82%
Kagoshima Kagoshima
81%
Nagano Nagano
81%
Okayama Okayama
81%
Shizuoka Shizuoka
81%
Toyama Toyama
81%
Wakayama Wakayama
81%
Kumamoto Kumamoto
80%
Fukui Fukui
79%
Gifu Gifu
79%
Miyazaki Miyazaki
79%
Oita Oita
79%
Tottori Tottori
79%
Yamaguchi Yamaguchi
79%
Kochi Kochi
78%
Saga Saga
78%
Miyagi Sendai
78%
Tokushima Tokushima
78%
Kanagawa Yokohama
75%
Hyogo Kobe
72%
Okinawa Naha
72%
Aichi Nagoya
71%
Iwate Morioka
59%
Ishikawa Kanazawa
58%
Tochigi Utsunomiya
56%
Tokyo Shinjuku
55%
Ibaraki Mito
54%
Mie Tsu
52%
Gunma Maebashi
51%
Ehime Matsuyama
51%
Yamanashi Kofu
49%
Shiga Otsu
49%
Shimane Matsue
46%
Kagawa Takamatsu
46%
No matching quizzes found
Score Distribution
Percent of People with Each Score
Percentile by Number Answered
Your Score History
You have not taken this quiz